header

The new prophecy & "new visions" (Record no. 8737)

MARC details
000 -LEADER
fixed length control field 01705nam a22004094a 4500
001 - CONTROL NUMBER
control field ebr10267232
003 - CONTROL NUMBER IDENTIFIER
control field CaPaEBR
006 - FIXED-LENGTH DATA ELEMENTS--ADDITIONAL MATERIAL CHARACTERISTICS--GENERAL INFORMATION
fixed length control field m u
007 - PHYSICAL DESCRIPTION FIXED FIELD--GENERAL INFORMATION
fixed length control field cr cn|||||||||
008 - FIXED-LENGTH DATA ELEMENTS--GENERAL INFORMATION
fixed length control field 050916s2006 dcu sb 001 0deng
010 ## - LIBRARY OF CONGRESS CONTROL NUMBER
Canceled/invalid LC control number 2005024499
020 ## - INTERNATIONAL STANDARD BOOK NUMBER
Cancelled/invalid ISBN 0813214556 (cloth : alk. paper)
Cancelled/invalid ISBN 9780813214559
040 ## - CATALOGING SOURCE
Original cataloging agency CaPaEBR
Transcribing agency CaPaEBR
035 ## - SYSTEM CONTROL NUMBER
System control number (OCoLC)427510600
043 ## - GEOGRAPHIC AREA CODE
Geographic area code f-ti---
050 14 - LIBRARY OF CONGRESS CALL NUMBER
Classification number BR1720.P42
Item number P2733 2006eb
082 04 - DEWEY DECIMAL CLASSIFICATION NUMBER
Classification number 272/.10922
Edition number 22
100 1# - MAIN ENTRY--PERSONAL NAME
Personal name Butler, Rex D.,
Dates associated with a name 1952-
245 14 - TITLE STATEMENT
Title The new prophecy & "new visions"
Medium [electronic resource] :
Remainder of title evidence of Montanism in The passion of Perpetua and Felicitas /
Statement of responsibility, etc Rex D. Butler.
246 3# - VARYING FORM OF TITLE
Title proper/short title New prophecy and new visions
260 ## - PUBLICATION, DISTRIBUTION, ETC. (IMPRINT)
Place of publication, distribution, etc Washington, D.C. :
Name of publisher, distributor, etc Catholic University of America Press,
Date of publication, distribution, etc c2006.
300 ## - PHYSICAL DESCRIPTION
Extent xvii, 211 p.
490 1# - SERIES STATEMENT
Series statement Patristic monograph series ;
Volume number/sequential designation v. 18
504 ## - BIBLIOGRAPHY, ETC. NOTE
Bibliography, etc Includes bibliographical references (p. 185-206) and indexes.
533 ## - REPRODUCTION NOTE
Type of reproduction Electronic reproduction.
Place of reproduction Palo Alto, Calif. :
Agency responsible for reproduction ebrary,
Date of reproduction 2013.
Note about reproduction Available via World Wide Web.
-- Access may be limited to ebrary affiliated libraries.
600 00 - SUBJECT ADDED ENTRY--PERSONAL NAME
Personal name Perpetua,
Titles and other words associated with a name Saint,
Dates associated with a name d. 203.
Personal name Felicity,
Titles and other words associated with a name Saint,
Dates associated with a name d. 203.
630 00 - SUBJECT ADDED ENTRY--UNIFORM TITLE
Uniform title Passio SS. Perpetuae et Felicitatis.
650 #0 - SUBJECT ADDED ENTRY--TOPICAL TERM
Topical term or geographic name as entry element Montanism.
Topical term or geographic name as entry element Christian saints
Geographic subdivision Tunisia
General subdivision Biography
-- History and criticism.
Topical term or geographic name as entry element Christian martyrs
Geographic subdivision Tunisia
General subdivision Biography
-- History and criticism.
655 #7 - INDEX TERM--GENRE/FORM
Genre/form data or focus term Electronic books.
Source of term local
710 2# - ADDED ENTRY--CORPORATE NAME
Corporate name or jurisdiction name as entry element ebrary, Inc.
830 #0 - SERIES ADDED ENTRY--UNIFORM TITLE
Uniform title Patristic monograph series ;
Volume number/sequential designation no. 18.
856 40 - ELECTRONIC LOCATION AND ACCESS
Uniform Resource Identifier <a href="http://site.ebrary.com/lib/rucke/Doc?id=10267232">http://site.ebrary.com/lib/rucke/Doc?id=10267232</a>
Public note An electronic book accessible through the World Wide Web; click to view

No items available.

© 2026 Rongo University
Contact us: librarian | system librarian | Rongo university